Top 10 Women's Handball Rankings - Statistics

General Stats
  • This quiz has been taken 204 times
  • The average score is 8 of 10
Answer Stats
# Answer % Correct
9 France
99%
4 Norway
93%
6 Denmark
89%
1 Germany
88%
3 Hungary
76%
2 Russia
76%
5 Romania
68%
8 Poland
65%
7 Serbia
56%
10 South Korea
48%
No matching quizzes found
Score Distribution
Percent of People with Each Score
Percentile by Number Answered
Your Score History
You have not taken this quiz